01316nam a22003135a 4500008004100000010001700041020001500058020001800073040002800091082002500119100004000144245007100184250003000255260004400285300004600329500006800375500008100443500002400524590002000548650003300568651001000601653002300611700003100634856008700665856007500752942002900827999001500856952013100871150824t2005 n a|||fr|||| 001 0 eng d a 2003067269 a0071238344 a9780071238342 aEG-ScBuEbengcEG-ScBuE04a338.5024658bTHO2221 aThomas, Christopher R. 9835810aManagerial economics /cChristopher R. Thomas, S. Charles Maurice. a8th ed.,International ed. aNew York :bMcGraw-Hill/Irwin,cc.2005. axvi, 704 p. :bill. (some col.) ;c24 cm. aRev. ed. of: Maurice, S. Charles. Managerial economics. 7th ed. aVarious multi-media instructional aids are available to supplement the text. aIndex : p. 694-704. ayassmeen ashraf 0aManagerial economics.2BUEsh 2BUEsh bBUSECOcAugust20151 aMaurice, S. Charles.98360423Publisher descriptionuhttp://www.loc.gov/catdir/description/mh051/2003067269.html423Table of contentsuhttp://www.loc.gov/catdir/toc/mh041/2003067269.html cBBk338.5024658 THO2ddc c8769d8769 00102ddc4070aMAINbMAINc1STd2008-03-24ePurchasel1m10o338.5024658 THOp000010433r2025-07-15 00:00:00s2015-10-07yBB